Asteroid by Picture - Statistics

General Stats
  • This quiz has been taken 50 times
  • The average score is 4 of 8
Answer Stats
Picture Answer % Correct
Ceres
97%
Ida
69%
Bennu
64%
Vesta
62%
Eros
54%
Šteins
33%
Lutetia
31%
Mathilde
21%
No matching quizzes found
Score Distribution
Percent of People with Each Score
Percentile by Number Answered
Your Score History
You have not taken this quiz